| 000 | 00422nam a2200157Ia 4500 | ||
|---|---|---|---|
| 008 | 210716s1984 xx 000 0 und d | ||
| 020 | _a003013157X | ||
| 041 | _aeng | ||
| 082 | _a330 THOR | ||
| 100 | _aThomas, Robert P. | ||
| 245 |
_aEconomics: principles and applications. _bPrinciples and applications. |
||
| 250 | _a1 | ||
| 260 |
_aChicago _bThe dryden press _c1984 |
||
| 300 | _ax,1327 | ||
| 650 | _aEconomics(330) | ||
| 999 |
_c202948 _d202948 |
||